000 00696nam a2200193Ii 4500
003 JO-AjNU
008 230605s9999||||xx |||||||||||||| ||und||
040 _aJO-AjNU
_bara
_erda
_cJO-AjNU
041 _aara
050 1 4 _aPJ7507 1959
100 3 _aالبهى،أحمد عبد المنعم,
_eauthor
_98770
245 0 0 _aدراسات في الأدب والنقد والبلاغة لطلبة السنة الثانية بكلية الشريعة
264 3 1 _aد.م: د.ن، 1959
300 _a199ص
336 _atext
_btxt
_2rdacontent
337 _aunmediated
_bn
_2rdamedia
338 _avolume
_bnc
_2rdacarrier
650 4 _aالأدب العربي-النقدوالبلاغة-البلاغة
_98771
999 _aA958
_c4526
_d4526